Les Communes de Béziers - Statistiques

Statistiques générales
  • Ce quiz a été pris 42 fois
  • Le résultat moyen est 9 sur 17
Statistiques - réponses
Population
Communes
% Correct
80 815 Béziers
94%
4 283 Villeneuve-lès-Béziers
79%
4 300 Valras-Plage
76%
3 536 Boujan-sur-Libron
73%
8 437 Sérignan
73%
3 227 Lignan-sur-Orb
58%
2 523 Cers
55%
5 498 Sauvian
55%
5 427 Servian
55%
1 632 Corneilhan
45%
2 353 Bassan
42%
1 665 Valros
39%
1 483 Lieuran-lès-Béziers
36%
1 761 Alignan-du-Vent
30%
1 176 Espondeilhan
30%
2 896 Montblanc
30%
371 Coulobres
24%
Aucun quiz correspondant
Distribution des résultats
% des personnes avec chaque résultat
Percentile par nombre de réponses
Votre historique - résultats
Vous n’avez pas pris ce quiz